• 首页
  • 本馆介绍
  • 公告通知
  • 最新文献
  • 馆藏检索
  • 电子资源
  • 读者导购
  • 参考咨询
  • 我的图书馆
  • 登录
  • 详细信息显示
  • 放入我的书架
  • 预约/预借图书
  • 作者相关作品
  • 分类相关作品
  • 丛书相关作品
  • 出版社相关作品

书目信息

  • 表格格式
  • 工作单格式
  • 卡片格式
题名:
大数据时代下的产业革命
    
 
作者: 张其金 编著
分册:  
出版信息: 北京   中国商业出版社  2016
页数: 256页
开本: 24cm
丛书名:
单 册:
中图分类: F419
科图分类:
主题词: 产业革命--研究
电子资源:
ISBN: 978-7-5044-9576-1
000 00911nam0 2200241 450
001 012001001149
005 20140920091302.0
010    @a978-7-5044-9576-1@dCNY39.80
100    @a20170215d2016 em y0chiy50 ea
101 0  @achi
102    @aCN@b110000
105    @ay z 000yy
106    @ar
200 1  @a大数据时代下的产业革命@9Da Shu Ju Shi Dai Xia De Chan Ye Ge Ming@f张其金编著
210    @a北京@c中国商业出版社@d2016
215    @a256页@d24cm
314    @a张其金,北京大学文学学士,经济学硕士,经济评论家,中国计算机宏观市场专家。现任中国企业战略研究中心主任等职。著有《量子管理》等。
330    @a本书分为六章,内容包括:充分认识大数据、大数据是一场革命、大数据引领思维变革、大数据引领商业变革、大数据时代的企业变革、不同行业的大数据革命。
606 0  @a产业革命@x研究
690    @aF419@v5
701  0 @a张其金@9Zhang Qi Jin@4编著
801  0 @aCN@b上海新华@c20180901
905    @b1151577-81@dF419@e19@f5
    
    大数据时代下的产业革命/张其金编著.-北京:中国商业出版社,2016
    256页;24cm
    
    
    ISBN 978-7-5044-9576-1:CNY39.80
    本书分为六章,内容包括:充分认识大数据、大数据是一场革命、大数据引领思维变革、大数据引领商业变革、大数据时代的企业变革、不同行业的大数据革命。
●
相关链接 在E读中查询图书 在五车中查询图书 在当当中查询图书 在豆瓣中查询图书


正题名:大数据时代下的产业革命     索取号:F419/19         预约/预借

序号 登录号 条形码 馆藏地/架位号 状态 备注
1 1151577   211515779   第一样本阅览室/ [索取号:F419/19] 在馆    
2 1151578   211515788   密集书库-海洋学院/ [索取号:F419/19] 在馆    
3 1151579   211515797   第一借阅区/ [索取号:F419/19] 在馆    
4 1151580   211515804   第一借阅区/ [索取号:F419/19] 在馆    
5 1151581   211515813   第一借阅区/ [索取号:F419/19] 在馆    
唐山师范学院图书馆 欢迎您!
大连网信软件有限公司© 版权所有